| 000 | 00498nam a2200157 4500 | ||
|---|---|---|---|
| 082 |
_aM803 _bRAT/P |
||
| 100 | _aRatheesh Santhipuram | ||
| 245 |
_aPoikayil Sreekumaragurudevan athmabhimanathinte veendeduppu: _bKattanam Santhammayude ormmakal/ _cby Ratheesh Santhipuram |
||
| 260 |
_aThiruvananthapuram: _bMythri books, _c2026. |
||
| 300 | _a280p. | ||
| 650 | _aMemoirs Kattanam Santhamma | ||
| 650 | _aMemoirs Malayalam | ||
| 650 | _aLiterature Malayalam | ||
| 650 | _aLiterature | ||
| 942 | _cBK | ||
| 999 |
_c181916 _d181916 |
||